00708nam a2200205 a 450000100100000000500170001000800410002702000150006804000250008308200150010810000260012324500990014925000110024826000320025930000210029170000260031270000340033895201130037299900170048500004090520201002034451.0130911s1999 sp 000 0 spa d a8479533641 aDO-SdBNPbspacBNPHU axxxxbxxxx1 aHendricks, Gay96733513aLa nueva mística empresarial /cGay Hendricks, Kate Luderman ; traducción Juanjo Estrella. a5a ed. aBarcelona, :bUrano,c1999. a222 p. ;c22 cm. aLuderman, Kate967336 aEstrella, Juanjo,etr.910728 001050718MOaGRbGRcHDd2013-09-11iLF1l0oxxxx xxxxp40905-10r2020-06-25w2020-06-25y1ZNo se presta c40395d40395